| 000 | 01760cam a22004694i 4500 | ||
|---|---|---|---|
| 003 | PE-LiUPU | ||
| 005 | 20250731173326.0 | ||
| 008 | 150625s1998 sp rb 000 0 spa d | ||
| 020 | _a8481642843 | ||
| 035 | _a(Sirsi) i9788481642841 | ||
| 040 |
_aPE-LiUPU _bspa _cPE-LiUPU _erda |
||
| 049 | _aPRUA | ||
| 082 | 0 | 4 |
_a299.2 _bO45 _221 |
| 245 | 0 | 0 |
_aMitos, leyendas y rituales de los semitas occidentales / _cedición y traducción de Gregorio del Olmo Lete. |
| 264 | 1 |
_aMadrid : _bTrotta, _c1998. |
|
| 300 |
_a315 páginas ; _c20 centímetros. |
||
| 336 |
_atext _2rdacontent |
||
| 337 |
_aunmediated _2rdamedia |
||
| 338 |
_avolume _2rdacarrier |
||
| 490 | 0 | _aPliegos de Oriente. Serie Próximo Oriente | |
| 504 | _aIncluye bibliografía. | ||
| 505 | 0 | _aCiclo canónico de Baal -- Ciclo baálico menor -- Los mitos cultuales de los ciclos de El y de Yarhu -- Sagas y epopeyas -- Textos de la praxis ritual. | |
| 526 | _aSEG42 | ||
| 526 | _aSEG41 | ||
| 526 | _aSEG40 | ||
| 526 | _aSEG39 | ||
| 526 | _aP94 | ||
| 526 | _aP87 | ||
| 526 | _aP86 | ||
| 526 | _aP85 | ||
| 526 | _aP77 | ||
| 526 | _aP76 | ||
| 526 | _aP35 | ||
| 541 | _g80861; | ||
| 650 | 0 | 4 |
_aSemitas _xReligión y mitología. |
| 700 | 1 |
_aOlmo Lete, G. del, _eeditor. |
|
| 942 |
_2ddc _cBOOK |
||
| 949 |
_a299.2 O45 _wDEWEY _c1 _i58669 _d2016-11-22 _e2016-11-20 _lCCODEBUL1 _mBUL _n2 _p17.00 _r0 _sY _tBOOK _u2015-6-25 _xTEOLOGIA _zUNKNOWN _0COMPRA _o.STAFF. Colección General |
||
| 994 |
_aC0 _bPEPRU |
||
| 596 | _a1 | ||
| 999 |
_a299.2 O45 _wDEWEY _c47550 _i58669 _d47550 _e2016-11-20 _f2021-11-11 _g5 _lCCODEBUL1 _mBUL _n2 _p17.00 _q2 _r0 _sY _tBOOK _u2015-6-25 _xTEOLOGIA _PP35 _0COMPRA _o.STAFF. Colección Teología |
||
| 980 |
_81 _gALBERTO SANCHEZ Responsable de Automatización |
||